MARC

LEADER 00000nam0a2200000 4500
001 55435
005 20231101211538.0
035 |a (RuTPU)RU\TPU\book\58182 
090 |a 55435 
100 |a 20030916d1975 m y0rusy50 ca 
101 0 |a rus 
102 |a RU 
105 |a a j 001zy 
200 1 |a Детали машин. Курсовое проектирование  |e учебное пособие  |f М. Н. Иванов , В. Н. Иванов 
210 |a Москва  |c Высшая школа  |d 1975 
215 |a 551 с.  |c ил. 
320 |a Библиогр.: с. 547-549. 
451 1 |0 (RuTPU)RU\TPU\book\34281  |t Детали машин  |o учебное пособие  |f М. Н. Иванов  |e 4-е изд., перераб.  |c М.  |n Высшая школа  |d 1984  |p 336 с.  |a Иванов, Михаил Николаевич 
606 1 |a Детали машин  |x Курсовое проектирование  |2 stltpush  |3 (RuTPU)RU\TPU\subj\9171  |9 36449 
610 1 |a узлы 
610 1 |a соединения 
610 1 |a механические передачи 
610 1 |a муфты 
610 1 |a валы 
610 1 |a корпусные детали 
610 1 |a чертежи 
610 1 |a учебные пособия 
675 |a 621.81001.63(075.8)  |v 3 
700 1 |a Иванов  |b М. Н.  |g Михаил Николаевич 
701 1 |a Иванов  |b В. Н.  |g Владимир Николаевич 
801 1 |a RU  |b 63413507  |c 20030916  |g PSBO 
801 2 |a RU  |b 63413507  |c 20220830  |g PSBO 
942 |c BK